Plan Maestro de la zona costera de los Barrios Beholden y Old Bank de la ciudad de Bluefields RAAS, Nicaragua
Presenta una propuesta de un plan maestro de la zona costera de los barrios Beholden y Old Bank, de la ciudad de Bluefields, RAAS, Nicaragua, tiene como objetivo específico contribuir a un desarrollo social, económico y ambiental, objetivo que se pretende lograr mediante la implementación de mé...
| Main Authors: | , |
|---|---|
| Other Authors: | |
| Format: | Tesis Section = Libro |
| Language: | Undetermined Spanish |
| Published: |
Managua
UNI
2014
|
| Subjects: |
| LEADER | 01537nam a2200301Ia 4500 | ||
|---|---|---|---|
| 008 | 240830s9999 xx 000 0 und d | ||
| 040 | |a BIBLIOTECA-RUSB/ Mon 711.4 C957 | ||
| 041 | |a spa | ||
| 082 | |a Mon 711.4 C957 | ||
| 100 | 1 | |a Cruz, Lester, Bonilla, Jorge | |
| 100 | 1 | |b Bonilla, Jorge | |
| 245 | 1 | 0 | |a Plan Maestro de la zona costera de los Barrios Beholden y Old Bank de la ciudad de Bluefields RAAS, Nicaragua |
| 260 | |a Managua |b UNI |c 2014 | ||
| 300 | |a 69 p. :il. | ||
| 500 | |a Contiene: anexos e Incluye: CD. | ||
| 502 | |a Tesis (Arquitecto) - UNI, 2014. | ||
| 520 | 3 | |a Presenta una propuesta de un plan maestro de la zona costera de los barrios Beholden y Old Bank, de la ciudad de Bluefields, RAAS, Nicaragua, tiene como objetivo específico contribuir a un desarrollo social, económico y ambiental, objetivo que se pretende lograr mediante la implementación de métodos y técnicas de diseño que identifiquen, consoliden y desarrollen los potenciales físico, paisajístico y naturales del lugar, para así ubicar a la ciudad de Bluefields dentro de las primeras opciones de destino turístico para viajeros nacionales e internacionales. | |
| 650 | 7 | |a URBANISMO-VIVIENDAS | |
| 650 | 7 | |b DESARROLLO URBANO | |
| 650 | 7 | |c PLANIFICACION-URBANA | |
| 650 | 7 | |d INFRAESTRUCTURA FISICA | |
| 650 | 7 | |e MODELOS ANALOGOS | |
| 650 | 7 | |f DISEÑOS ARQUITECTONICOS | |
| 650 | 7 | |g ARQUITECTURA-DISEÑOS Y PLANOS | |
| 700 | 1 | |a Tutor: |b Chávez Mairena, Luis Eduardo | |
| 942 | |c BK |2 ddc | ||
| 991 | |a TESIS | ||
| 999 | |c 20890 | ||